| 000 | 00458nam a22001457a 4500 | ||
|---|---|---|---|
| 082 | _aP-735 | ||
| 100 |
_aCapt Omair Bin Saleem _951204 |
||
| 245 | _aOptimization and Modelling of Toll Operations on a Freeway, M-1 Islamabad Interchange Using Vissim Simmulations | ||
| 260 |
_aRisalpur, _bMCE, _c2017. |
||
| 300 | _a92P. | ||
| 526 |
_a0 _b0 _c0 _dP_735 |
||
| 650 |
_aTransportation _bSyn#3 _951205 |
||
| 700 |
_aCol Dr Muhammad Irfan _951206 |
||
| 942 |
_2ddc _cBK |
||
| 999 |
_c553957 _d553957 |
||